| 000 | 00000nam 2200000za 4500 |
| 001 | 9.629978 |
| 003 | CaOODSP |
| 005 | 20221107134258 |
| 007 | cr ||||||||||| |
| 008 | 150407s2015 xxc|||||o f|0| 0 eng d |
| 020 | |a978-1-100-24800-4 |
| 040 | |aCaOODSP|beng |
| 043 | |an-cn--- |
| 086 | 1 |aHP10-23/2015E-PDF |
| 245 | 00|aWhat's wrong with spanking? |h[electronic resource] : |btips to guide your child's behaviour in a positive way. |
| 260 | |a[Ottawa] : |bPublic Health Agency of Canada, |cc2015. |
| 300 | |a2 p. : |bcol. illus. |
| 500 | |aThe catalogue number (HP10-23/2015E) and ISBN (978-1-100-25827-0) for the print edition have been copied in this electronic publication. |
| 500 | |aIssued also in French under title: Pourquoi faut-il éviter de donner la fessée? Conseils pour guider le comportement de votre enfant de façon positive. |
| 690 | 07|aParenting|2gcpds |
| 710 | 2 |aPublic Health Agency of Canada. |
| 775 | 08|tPourquoi faut-il éviter de donner la fessée? |w(CaOODSP)9.677571 |
| 775 | 08|t[What's wrong with spanking? |w(CaOODSP)9.824753 |
| 775 | 08|t[What's wrong with spanking?] : |w(CaOODSP)9.862653 |
| 775 | 08|t[What's wrong with spanking?] : |w(CaOODSP)9.862656 |
| 856 | 40|qPDF|s1.50 MB|uhttps://publications.gc.ca/collections/collection_2016/aspc-phac/HP10-23-2015-eng.pdf |
| 986 | |aPub.: 140515 |